[Event "CAN-ch op"]
[Site "Sackville"]
[Date "2001.07.12"]
[Round "7"]
[White "Litt, Mathew"]
[Black "Hutchison, Jason"]
[Result "1-0"]
[WhiteElo "1134"]
[BlackElo "802"]
[PlyCount "47"]
[EventDate "2001.07.??"]
[EventType "swiss"]
[EventRounds "10"]
[EventCountry "CAN"]
[SourceTitle "EXT 2006"]
[Source "ChessBase"]
[SourceDate "2005.11.24"]
[SourceVersion "1"]
[SourceVersionDate "2005.11.24"]
[SourceQuality "1"]

1. d4 d5 2. c4 dxc4 3. e4 f5 4. Nc3 Nf6 5. Bxc4 fxe4 6. f3 Nc6 7. fxe4 Qxd4 8. Qe2 Bg4 9. Nf3 Bxf3 10. gxf3 Ne5 11. Be3 Qxc4 12. Qxc4 Nxc4 13. Bg5 h6 14. b3 hxg5 15. bxc4 g4 16. Rf1 Rxh2 17. e5 Nd7 18. fxg4 Nxe5 19. Nd5 0-0-0 20. g5 Nxc4 21. Nf4 Rd4 22. Ne2 Re4 23. 0-0-0 Rexe2 24. Rxf8# 1-0

[Event "CAN-ch op"]
[Site "Sackville"]
[Date "2001.07.11"]
[Round "6"]
[White "Johnson, Ghislaine"]
[Black "Litt, Mathew"]
[Result "1-0"]
[WhiteElo "1308"]
[BlackElo "1134"]
[PlyCount "39"]
[EventDate "2001.07.??"]
[EventType "swiss"]
[EventRounds "10"]
[EventCountry "CAN"]
[SourceTitle "EXT 2006"]
[Source "ChessBase"]
[SourceDate "2005.11.24"]
[SourceVersion "1"]
[SourceVersionDate "2005.11.24"]
[SourceQuality "1"]

1. Nf3 d5 2. g3 c5 3. Bg2 Nc6 4. c3 e5 5. d3 Nf6 6. 0-0 h6 7. Re1 Bd6 8. e4 d4 9. Nh4 dxc3 10. Nxc3 Bg4 11. Bf3 Bh3 12. Nf5 0-0 13. g4 g6 14. Nxh6+ Kh7 15. Qd2 Nd4 16. Re3 Kxh6 17. Bg2 Bxg4 18. Rh3+ Kg7 19. Qh6+ Kg8 20. Qh8# 1-0